|
|
|
|
| LEADER |
01320nam a2200349 4500 |
| 001 |
40526 |
| 003 |
BD-DhAAL |
| 005 |
20230214150148.0 |
| 008 |
230214r19901972ii b b 001 0 eng d |
| 010 |
|
|
|a 70099952
|
| 020 |
|
|
|a 0520016238
|
| 040 |
|
|
|a DLC
|c DLC
|d DLC
|d BD-DhAAL
|
| 043 |
|
|
|a a-ii---
|
| 050 |
0 |
0 |
|a HN683.5
|b .M344
|
| 082 |
0 |
0 |
|a 309.154
|
| 100 |
1 |
|
|a Mandelbaum, David Goodman,
|d 1911-1987.
|9 53646
|
| 245 |
1 |
0 |
|a Society in India /
|c David G. Mandelbaum.
|
| 260 |
|
|
|a Bombay :
|b Popular Prakashan,
|c 1972 [reprinted 1990].
|
| 300 |
|
|
|a xiv, 665 pages, 37, 14 pages :
|b map (on lining papers) ;
|c 24 cm.
|
| 362 |
|
|
|a Vol. 1 and Vol. 2
|
| 504 |
|
|
|a Includes bibliographical references.
|
| 505 |
0 |
|
|a v. 1. Continuity and change.--v. 2. Change and continuity.
|
| 541 |
|
|
|a Donated By Akbar Ali Khan
|e 40526
|
| 650 |
|
0 |
|a Caste
|z India.
|
| 650 |
|
0 |
|a Families
|z India.
|9 53647
|
| 650 |
|
0 |
|a Social mobility
|z India.
|9 53648
|
| 650 |
|
0 |
|a Social sciences.
|
| 651 |
|
0 |
|a India
|x Social conditions
|y 1947-
|
| 852 |
|
|
|a Ayesha Abed Library
|c Akbar Ali Khan Collection
|
| 942 |
|
|
|2 ddc
|c BK
|
| 999 |
|
|
|c 45499
|d 45499
|
| 952 |
|
|
|0 0
|1 0
|2 ddc
|4 0
|6 309_154000000000000_MAN
|7 1
|9 73230
|a BRACUL
|b BRACUL
|c AAKC
|d 2023-02-14
|e Donated By Akbar Ali Khan
|g 226.00
|l 0
|o 309.154 MAN
|p 3010040526
|r 2023-02-14
|t 1
|w 2023-02-14
|y BK
|x Rs. 175.00
|